00479nam a2200145Ia 4500003000400000005001700004008004100021040002900062050002500091100002900116245011400145260004100259300001500300650001800315OSt20230404153154.0230222s9999||||xx |||||||||||||| ||und|| cChuka University Library aTHE PN 59b.K36 2016 aKangori,Timothy Muchunku 0aNatural settings in literature: The case of weather and landscape in Thomas Hardy's Tess of the D'Urbervilles aChuka, KenyabChuka Universityc2016 a115 leaves a1. Literature